Statistics for Warmest Midwest Cities

Click here to take the quiz!

General Stats

  • This quiz has been taken 29 times
  • The average score is 11 of 12

Answer Stats

#Average Annual Temperature (°F)CityPopulationState% Correct
753°FIndianapolis875,929IN
100%
157°FSt Louis293,792MO
100%
1249.5°FChicago2,694,240IL
95%
851.5°FCleveland379,233OH
95%
653°FColumbus922,223OH
95%
951.5°FLincoln293,905NE
95%
454.5°FCincinnati306,487OH
91%
356.5°FKansas City505,198MO
91%
1051°FOmaha470,702NE
91%
257°FWichita388,771KS
91%
1150.5°FFort Wayne270,989IN
86%
553.5°FToledo270,651OH
86%

Score Distribution

Percentile by Number Answered

Percent of People with Each Score

Your Score History

You have not taken this quiz